000 02575cam a22004574i 4500
003 PE-LiUPU
005 20250731165416.0
008 151202s2006 pe grm 000 0 spa d
035 _a(Sirsi) a155386
040 _aLima :
_bEl creador,
_c2007
099 _aSP 3
_bR21 2006
100 1 _aRamírez Pachari, Noemí
_eautor
245 1 _aPrograma de educación nutricional: Aprende y aliméntalo para que crezca sano, dirigido a madres con niños menores de cinco años, atendidas en el comedor infantil Candelaria Herrera del PRONAA, Puno, 2005 /
_cNoemí Ramírez Pachari.
264 0 _c2006.
300 _a78 hojas
_c31 cm
336 _atext
_2rdacontent
337 _aunmediated
_2rdamedia
338 _avolume
_2rdacarrier
502 _aTesis
_b(Mg.) --
_cUniversidad Peruana Unión,
_d2006.
504 _aIncluye referencias
520 3 _aComo una alternativa de solución al grave problema de desnutrición crónica que enfrenta nuestro país, durante los meses de marzo a mayo del 2005, se aplicó el programa de educación nutricional "Aliméntalo para que crezca sano", dirigido a madres de niños menores de cinco años del comedor infantil Candelaria Herrera atendido por el PRONAA Puno. Siguiendo un modelo de investigación pre-experimental se aplicó un pre test y un post test, para evaluar el nivel de conocimientos sobre nutrición básica de cada una de las participantes; mientras que la actitud fue medida mediante observación indirecta utilizando una ficha de información diaria. La muestra que obtuvo por un muestreo intencionado donde la selección de los individuos que participaron se efectuó en forma voluntaria. El modelo utilizado en la intervención e investigación fue el PRECEDE-PROCEDE. El resultado obtenido en la investigación fue significativo, por cuanto se logró incrementar en un 82.15% el nivel de conocimientos sobre nutrición básica de las madres asistentes. En relación a la actitud, el programa logró modificar la actitud en un 73.10%.
526 _aSEG44
526 _aSEG26
526 _aP151
526 _aP150
526 _aP149
526 _aP146
526 _aP145
526 _aP126
526 _aP125
526 _aP92
526 _aP75
526 _aP74
526 _aP27
526 _aP15
650 0 4 _aMadres
_xNutrición infantil.
650 0 4 _aComedores infantiles.
596 _a1
942 _2ddc
_cTESIS
999 _aSP 3 R21 2006
_wALPHANUM
_c8069
_iT00455
_lCCODEBUL3
_mBUL
_r1
_sY
_tTESIS
_u2015-12-2
_xPOSGRADO
_PP82
_o.STAFF. Tesis
_d8069
980 _81
_gALBERTO SANCHEZ Responsable de Automatización